书目信息 |
| 题名: |
园林工程建设监理
|
|
| 作者: | 韩东锋 主编 | |
| 分册: | ||
| 出版信息: | 北京 化学工业出版社 2004.11 |
|
| 页数: | 388页 | |
| 开本: | 21cm | |
| 丛书名: | 园林工程建设技术丛书 | |
| 单 册: | ||
| 中图分类: | TU986.3 | |
| 科图分类: | ||
| 主题词: | 园林--工程施工--监督管理 | |
| 电子资源: | ||
| ISBN: | 7-5025-6228-1 | |
| 000 | 00916nam 2200253 450 | |
| 001 | 0137470047 | |
| 005 | 20050922161015.74 | |
| 010 | @a7-5025-6228-1@dCNY26.00 | |
| 100 | @a20050315d2004 km y0chiy0120 ea | |
| 101 | 0 | @achi |
| 102 | @aCN@b110000 | |
| 105 | @aa a 000yy | |
| 200 | 1 | @a园林工程建设监理@Ayuan lin gong cheng jian she jian li@f韩东锋主编@Fhan dong feng zhu bian |
| 210 | @a北京@c化学工业出版社@d2004.11 | |
| 215 | @a388页@c图@d21cm | |
| 225 | 2 | @a园林工程建设技术丛书 |
| 320 | @a有书目(第388页)。 | |
| 330 | @a本书分为上下两篇。上篇详细阐述了园林工程建设监理基础知识、监理单位与监理工程师、监理组织机构及其设立等;下篇主要介绍了园林工程建设设计、准备、施工个阶段的监理等内容。 | |
| 410 | 0 | @12001 @a园林工程建设技术丛书 |
| 606 | 0 | @a园林@x工程施工@x监督管理 |
| 690 | @aTU986.3@v4 | |
| 701 | 0 | @a韩东锋@Ahan dong feng@4主编 |
| 801 | 0 | @aCN@bQSSK@c20050922 |
| 905 | @a10447@dTU986.3@eH071 | |
| 园林工程建设监理/韩东锋主编.-北京:化学工业出版社,2004.11 |
| 388页:图;21cm.-(园林工程建设技术丛书) |
| ISBN 7-5025-6228-1:CNY26.00 |
| 本书分为上下两篇。上篇详细阐述了园林工程建设监理基础知识、监理单位与监理工程师、监理组织机构及其设立等;下篇主要介绍了园林工程建设设计、准备、施工个阶段的监理等内容。 |
| ● |
| 相关链接 |
|
|
|
正题名:园林工程建设监理
索取号:TU986.3/H071
 
预约/预借
| 序号 | 登录号 | 条形码 | 馆藏地/架位号 | 状态 | 备注 |
| 1 | 525353 | 205253535 | 建筑库201/201建筑库 114排2列2层/ [索取号:TU986.3/H071] | 在馆 | |
| 2 | 525354 | 205253544 | 建筑库201/201建筑库 114排1列3层/ [索取号:TU986.3/H071] | 在馆 |